000 01386namaa22003131i 4500
005 20260210132347.0
008 260104s1996 ua a|||frm||| 000 0 eng d
040 _aEG-GICUC
_beng
_cEG-GICUC
_dEG-GICUC
_erda
041 0 _aeng
_beng
_bara
049 _aDeposit
097 _aPh.D
099 _aCai01.13.10.Ph.D.1996.Al.E.
100 0 _aAlaa Korany Abdelmageed,
_epreparation.
245 1 0 _aElectromagentic Scattering By Conducting Bodies Of Revolution In Layered Media /
_cBy Alaa Korany Abdelmageed; Under The Supervision Of Prof. Dr. Adel Mohsen, Dr. Essam ELKaramany.
246 1 5 _aالتشتت الكهرومغناطيسي بواسطة الأجسام الدورانية المعدنية في الأوساط متعددة الطبقات
264 0 _c1996.
300 _a257 pages :
_billustrations ;
_c25 cm. +
336 _2rda content
_atext
337 _2rdamedia
_aUnmediated
338 _2rdacarrier
_avolume
502 _aThesis (Ph.D)-Cairo University, 1996.
504 _aBibliography: pages 219-234.
653 0 _aEngineering Matematics And Physics
700 0 _aAdel Mohsen
_ethesis advisor.
700 0 _aEssam ELKaramany
_ethesis advisor.
900 _DDepartment of Engineering Matematics And Physics
_FFaculty of Engineering
_UCairo University
_b1996
_cAdel Mohsen
_cEssam ELKaramany
905 _aEman El gebaly
_eNourhan
942 _2ddc
_cTH
_e21
_n0
999 _c177349